| 000 | 00592nam a2200193Ia 4500 | ||
|---|---|---|---|
| 008 | 130729s9999 xx 000 0 und d | ||
| 072 | _aMethods For Solving Typical Problems In Mathematical Physics,Applicable To Problems Requiring The Use Of Special Functions | ||
| 082 | _a530.15 | ||
| 082 | _bAr72 | ||
| 100 |
_aArsenin,V.Ya _9636 |
||
| 245 | _aBasic Equations And Special Functions Of Mathematical Physics | ||
| 245 | _cArsenin,V.Ya | ||
| 260 | _aLondon | ||
| 260 | _bILLIFE | ||
| 260 | _c1968 | ||
| 300 | _a302 | ||
| 300 | _fIllustration,index,reference & graph | ||
| 942 | _cBK | ||
| 999 |
_c6413 _d6413 |
||